00321nam a2200109Ia 4500008004100000020002200041041001200063100001900075245006400094260003200158650002100190231221s9999 xx 000 0 und d a978-0-387-31277-4 aEnglish aSvetan Ratchev 0aPrecision Assembly Technologies for Mini and Micro Products c2006bSpringer USaNew York aComputer Science